00357nam a2200121Ia 4500008004100000020001800041050002600059245003600085250001200121260005000133300001700183650003500200120626s9999 xx 000 0 und d a968-15-0692-8 aGV731 B318bB377 2000 aBasquetbolb: Reglas deportivas a2a. ed. aMéxicob: Editores Mexicanos Unidosc, 2000 a71 p.b: il. a1. Basquetbol - ReglamentosÌ